000 00562nam a2200205Ia 4500
008 160319s9999 xx 000 0 und d
020 _a9717910464
050 _aFil 330
050 _bT918u 1998
100 _aTullao, Tereso S.
245 _aUnawain natin ang ekonomiks sa diwang pilipino /
245 _cRereso S. Tullao
250 _a2nd edition.
260 _aQuezon City, Philippines :
260 _bSIBS Publishing House, Inc.,
260 _c1998
300 _a407 pages :
500 _aIncludes index.
650 _aEconomics -- Philippines
999 _c292118
_d292118